[Event "PRVA LIGA CENTRALNE SRBIJE 2015"]
[Site "Kragujevac"]
[Date "2015.09.11"]
[Round "9.1"]
[White "Pikula, Dejan"]
[Black "Grujovic, Milojica"]
[Result "1-0"]
[WhiteElo "2472"]
[BlackElo "1898"]
[PlyCount "79"]
[EventDate "2015.09.05"]

1. e4 e5 2. Bc4 Nf6 3. d3 Be7 4. Nf3 Nc6 5. Bb3 d6 6. c3 O-O 7. O-O Bg4 8. Nbd2
Qd7 9. h3 Be6 10. Ba4 Qc8 11. Re1 Bd7 12. Nf1 Re8 13. Ng3 h6 14. Bb3 Be6 15.
Bc2 Bf8 16. d4 Bd7 17. a3 g6 18. Bb3 Bg7 19. Nh4 Kf8 20. Qf3 Qd8 21. Be3 b6 22.
Ba2 Qe7 23. Rad1 Nd8 24. dxe5 dxe5 25. Rxd7 Qxd7 26. Rd1 Qc6 27. Nxg6+ Kg8 28.
Nh4 Ne6 29. Bd5 Qa4 30. Bxa8 Rxa8 31. Nhf5 Ng5 32. Bxg5 hxg5 33. Rd2 Bf8 34.
Nh6+ Bxh6 35. Qxf6 Bg7 36. Qxg5 Qc6 37. Nf5 Qf6 38. Qg4 Kf8 39. Rd3 Bh6 40. Rg3
1-0

[Event "PRVA LIGA CENTRALNE SRBIJE 2015"]
[Site "Kragujevac"]
[Date "2015.09.11"]
[Round "9.1"]
[White "Colovic, Dusan"]
[Black "Brkljaca, Ante"]
[Result "1-0"]
[WhiteElo "2375"]
[BlackElo "2321"]
[PlyCount "53"]
[EventDate "2015.09.05"]

1. d4 Nf6 2. Bf4 e6 3. e3 Be7 4. c3 c5 5. Nd2 Nc6 6. Bd3 O-O 7. Ngf3 cxd4 8.
exd4 d6 9. Qe2 a6 10. h3 b5 11. O-O Bd7 12. Rfe1 Qc7 13. Rac1 Rfe8 14. Bg3 Bf8
15. Ng5 Ne7 16. Nde4 Nf5 17. Nxf6+ gxf6 18. Ne4 Bg7 19. Qg4 Kh8 20. Qh5 Nxg3
21. fxg3 f5 22. Ng5 h6 23. Nxf7+ Kh7 24. g4 Rf8 25. g5 e5 26. Nxh6 Bxh6 27.
dxe5 1-0

[Event "PRVA LIGA CENTRALNE SRBIJE 2015"]
[Site "Kragujevac"]
[Date "2015.09.11"]
[Round "9.1"]
[White "Sorgic, Dragan"]
[Black "Kiproski, Branislav"]
[Result "1/2-1/2"]
[WhiteElo "2215"]
[BlackElo "2240"]
[PlyCount "105"]
[EventDate "2015.09.05"]

1. e4 d6 2. d4 Nf6 3. Nc3 e5 4. Nf3 Nbd7 5. Bc4 Be7 6. O-O O-O 7. Re1 a6 8. a4
h6 9. h3 Re8 10. a5 exd4 11. Qxd4 Ne5 12. Nxe5 dxe5 13. Qe3 Bb4 14. Rd1 Qe7 15.
Nd5 Nxd5 16. Bxd5 c6 17. Bc4 Bc5 18. Qg3 Kf8 19. Be3 Bxe3 20. Qxe3 Qb4 21. Qa3
Qxa3 22. Rxa3 Be6 23. Bxe6 Rxe6 24. Rb3 Re7 25. Kf1 h5 26. Rd6 Ke8 27. Rbd3 Rc8
28. c4 Re6 29. Rxe6+ fxe6 30. Rg3 Kf7 31. Rb3 Rc7 32. Ke2 Rd7 33. h4 g6 34. Ke3
Kf6 35. c5 g5 36. hxg5+ Kxg5 37. Ke2 Kf4 38. Rh3 Kg4 39. Ke3 h4 40. f3+ Kg5 41.
g3 hxg3 42. Rxg3+ Kf6 43. Rh3 Rg7 44. Rh8 Kf7 45. Rb8 Kf6 46. Kf2 Rh7 47. Rf8+
Ke7 48. Rg8 Kf7 49. Rg2 Rh1 50. Rg1 Rh2+ 51. Rg2 Rh1 52. Rg1 Rh2+ 53. Rg2
1/2-1/2

[Event "PRVA LIGA CENTRALNE SRBIJE 2015"]
[Site "Kragujevac"]
[Date "2015.09.11"]
[Round "9.1"]
[White "Baralic, Milan"]
[Black "Nikolic, Dragovan"]
[Result "0-1"]
[WhiteElo "2195"]
[BlackElo "2245"]
[PlyCount "116"]
[EventDate "2015.09.05"]

1. Nf3 c5 2. c4 g6 3. Nc3 Bg7 4. d4 cxd4 5. Nxd4 Nc6 6. e3 Nf6 7. Be2 O-O 8.
O-O Nxd4 9. Qxd4 d6 10. Rb1 Bf5 11. Qd2 Bxb1 12. Nxb1 a5 13. Nc3 a4 14. b3 axb3
15. axb3 Qa5 16. Bf3 Qb4 17. Qc2 Ra1 18. Bd1 Rd8 19. Bb2 Raa8 20. Bf3 Rac8 21.
Na2 Qa5 22. Bc3 Qc7 23. Nb4 e6 24. Qb2 Ne8 25. Bd4 Bxd4 26. exd4 Ng7 27. Rd1
Nf5 28. g3 Ne7 29. h4 d5 30. c5 b6 31. Nd3 bxc5 32. dxc5 e5 33. Nxe5 Qxc5 34.
Qd2 d4 35. Qf4 f5 36. Nd3 Qd6 37. Qg5 Rc3 38. b4 Kg7 39. Kg2 h6 40. Qd2 Nd5 41.
Ra1 Qb6 42. Ra4 Nc7 43. Nc5 Rxc5 44. bxc5 Qxc5 45. Qb2 Rd7 46. Qb3 Qe5 47. Qd3
Ne6 48. Rb4 Nc5 49. Qc4 d3 50. Rb5 Rc7 51. Rb8 Ne6 52. Qxd3 Nd4 53. Rd8 Nxf3
54. Qxf3 Re7 55. Kh2 Rf7 56. Kg2 f4 57. g4 Qa5 58. h5 Qxd8 0-1

[Event "PRVA LIGA CENTRALNE SRBIJE 2015"]
[Site "Kragujevac"]
[Date "2015.09.11"]
[Round "9.1"]
[White "Jovanovic, Sasa M"]
[Black "Baralic, Nebojsa"]
[Result "1/2-1/2"]
[WhiteElo "2251"]
[BlackElo "2244"]
[PlyCount "63"]
[EventDate "2015.09.05"]

1. Nf3 Nf6 2. g3 d5 3. Bg2 c6 4. b3 Bf5 5. Bb2 Nbd7 6. d3 e6 7. Nh4 Bg6 8. O-O
e5 9. e4 Bc5 10. exd5 Nxd5 11. d4 exd4 12. Re1+ Ne7 13. Nxg6 hxg6 14. Bxd4 Bxd4
15. Qxd4 O-O 16. Qb4 Nd5 17. Bxd5 cxd5 18. Qxb7 Nc5 19. Qb4 Rc8 20. Nd2 Qf6 21.
Rac1 Qb2 22. Rb1 Qxc2 23. Rbc1 Qxa2 24. Rxc5 Rxc5 25. Qxc5 Qxd2 26. Re7 Qd1+
27. Kg2 Qxb3 28. Rxa7 Qd3 29. Re7 Qf5 30. h3 Rd8 31. Qc7 Rc8 32. Qd7 1/2-1/2

[Event "PRVA LIGA CENTRALNE SRBIJE 2015"]
[Site "Kragujevac"]
[Date "2015.09.11"]
[Round "9.1"]
[White "Puaca, Goran"]
[Black "Vojinovic, Luka"]
[Result "1/2-1/2"]
[WhiteElo "2147"]
[BlackElo "2122"]
[PlyCount "104"]
[EventDate "2015.09.05"]

1. d4 d5 2. c4 c6 3. e3 Nf6 4. Nc3 e6 5. Nf3 Nbd7 6. Qc2 Bd6 7. g4 h6 8. Rg1
Qe7 9. h4 dxc4 10. Bxc4 b5 11. Be2 Bb7 12. Bd2 Rc8 13. a3 c5 14. g5 hxg5 15.
hxg5 Nd5 16. Nxd5 Bxd5 17. g6 f6 18. dxc5 Rxc5 19. Bc3 Ne5 20. Qd1 Bxf3 21.
Bxf3 Rc7 22. Be2 a6 23. Qd4 Bc5 24. Qe4 Nc6 25. Rd1 Nd8 26. Rh1 Rxh1+ 27. Qxh1
Rd7 28. Rxd7 Kxd7 29. Qa8 b4 30. axb4 Bxb4 31. Qxa6 Bxc3+ 32. bxc3 Qc5 33. Bb5+
Ke7 34. Bc4 f5 35. Ke2 Kf6 36. f4 Qc6 37. Qxc6 Nxc6 38. Bb5 Nd8 39. c4 Nb7 40.
Kd3 Kxg6 41. Kd4 Kf6 42. Bc6 Nd8 43. Be8 Nb7 44. Ba4 g5 45. fxg5+ Kxg5 46. Ke5
Kg4 47. Bd7 Nc5 48. Bxe6 Kf3 49. Bxf5 Kxe3 50. Kd5 Na4 51. Kc6 Kd4 52. Be6 Nb2
1/2-1/2

[Event "PRVA LIGA CENTRALNE SRBIJE 2015"]
[Site "Kragujevac"]
[Date "2015.09.11"]
[Round "9.2"]
[White "Radibratovic, Predrag"]
[Black "Milanovic, Slavisa"]
[Result "1/2-1/2"]
[WhiteElo "2327"]
[BlackElo "2381"]
[PlyCount "35"]
[EventDate "2015.09.05"]

1. d4 e6 2. e4 d5 3. exd5 exd5 4. Bd3 Nc6 5. c3 Bd6 6. Qf3 Nf6 7. Bg5 Bg4 8.
Qxg4 Nxg4 9. Bxd8 Nxd8 10. Nf3 Ne6 11. O-O O-O 12. Re1 Rfe8 13. Nbd2 Nf4 14.
Bf5 Nf6 15. g3 Ng6 16. Kf1 c6 17. Rxe8+ Rxe8 18. Re1 1/2-1/2

[Event "PRVA LIGA CENTRALNE SRBIJE 2015"]
[Site "Kragujevac"]
[Date "2015.09.11"]
[Round "9.2"]
[White "Jovanovic, Dusan D"]
[Black "Mrsevic, Miroslav"]
[Result "1-0"]
[WhiteElo "2381"]
[BlackElo "2268"]
[PlyCount "73"]
[EventDate "2015.09.05"]

1. Nf3 Nf6 2. c4 g6 3. Nc3 Bg7 4. e4 d6 5. d4 O-O 6. Be2 e5 7. O-O Nc6 8. d5
Ne7 9. b4 Nh5 10. Re1 a5 11. bxa5 Rxa5 12. Nd2 Nf4 13. Bf1 b6 14. a4 f5 15. g3
Nh5 16. Ra3 f4 17. Nb5 Kh8 18. Nb3 Ra8 19. Bg2 Ng8 20. Bf3 Rf7 21. Bxh5 gxh5
22. gxf4 exf4 23. N3d4 Bg4 24. f3 Qh4 25. fxg4 hxg4 26. Nf5 Rxf5 27. exf5 f3
28. Re6 Rf8 29. Be3 g3 30. hxg3 Qxg3+ 31. Kf1 Rxf5 32. Bf2 Qg2+ 33. Ke1 Nf6 34.
Nd4 Ng4 35. Re8+ Bf8 36. Rxf3 Nxf2 37. Rxf8+ 1-0

[Event "PRVA LIGA CENTRALNE SRBIJE 2015"]
[Site "Kragujevac"]
[Date "2015.09.11"]
[Round "9.2"]
[White "Kahrovic, Mersid"]
[Black "Lapcevic, Milos"]
[Result "0-1"]
[WhiteElo "2275"]
[BlackElo "2376"]
[PlyCount "72"]
[EventDate "2015.09.05"]

1. c4 c5 2. Nc3 Nf6 3. e4 d6 4. h3 Nc6 5. Nf3 Nd4 6. d3 g6 7. Be2 Bg7 8. Nxd4
cxd4 9. Nb5 Nd7 10. O-O O-O 11. b4 a6 12. Na3 a5 13. Bd2 axb4 14. Bxb4 Nb6 15.
Nb5 Na4 16. Qb3 Bd7 17. Na3 Bc6 18. Nc2 Qd7 19. a3 Nc5 20. Bxc5 dxc5 21. f4 Qc7
22. Rf2 Bh6 23. g3 e5 24. Bf3 exf4 25. g4 Bg5 26. Kg2 Ra6 27. Rb1 Rfa8 28. e5
Bxf3+ 29. Rxf3 Qxe5 30. Re1 Qc7 31. Qb5 Rb6 32. Re8+ Kg7 33. Rxa8 Rxb5 34. cxb5
Qe5 35. Kf1 Qd5 36. Ke2 Qb3 0-1

[Event "PRVA LIGA CENTRALNE SRBIJE 2015"]
[Site "Kragujevac"]
[Date "2015.09.11"]
[Round "9.2"]
[White "Blesic, Vaso"]
[Black "Brajovic, Miroljub"]
[Result "1-0"]
[WhiteElo "2365"]
[BlackElo "2104"]
[PlyCount "81"]
[EventDate "2015.09.05"]

1. e4 d5 2. exd5 Qxd5 3. Nc3 Qa5 4. d4 Nf6 5. Nf3 c6 6. Bc4 e6 7. O-O Be7 8.
Ne5 O-O 9. Qe2 Qd8 10. Rd1 a5 11. Ne4 Nd5 12. c3 f5 13. Nd2 Nd7 14. Ndf3 N7f6
15. Bd3 Qe8 16. c4 Nb4 17. Bb1 Qh5 18. a3 Na6 19. Nd3 Bd6 20. Nf4 Bxf4 21. Bxf4
Bd7 22. Bd3 Ne4 23. Bxe4 fxe4 24. Qxe4 Rae8 25. Bd6 Qf5 26. Qxf5 Rxf5 27. b4 b5
28. Ne5 Bc8 29. bxa5 bxc4 30. Nxc4 Rd5 31. Bb4 Nc7 32. Rac1 Nb5 33. Bc5 Bb7 34.
a4 Nc7 35. Nd6 Rb8 36. Rb1 Na6 37. Nxb7 Rxb7 38. Rxb7 Nxc5 39. Rbb1 Na6 40.
Rdc1 Rxa5 41. Rxc6 1-0

[Event "PRVA LIGA CENTRALNE SRBIJE 2015"]
[Site "Kragujevac"]
[Date "2015.09.11"]
[Round "9.2"]
[White "Kijanovic, Igor"]
[Black "Ivanovic, Dragutin"]
[Result "0-1"]
[WhiteElo "2064"]
[BlackElo "2297"]
[PlyCount "112"]
[EventDate "2015.09.05"]

1. d4 d6 2. Nf3 Nf6 3. c4 Nbd7 4. Nc3 e5 5. e4 Be7 6. Be2 O-O 7. O-O c6 8. h3
a6 9. a4 a5 10. Be3 Re8 11. Qc2 Bf8 12. d5 Nc5 13. Nd2 Nfd7 14. g4 Be7 15. Rfd1
Bg5 16. Nf1 Bxe3 17. Nxe3 Nf8 18. dxc6 bxc6 19. Nf5 Re6 20. Bf1 g6 21. Ng3 Rb8
22. Rab1 Qh4 23. Qd2 h6 24. Qe3 Nh7 25. Rxd6 Rxd6 26. Qxc5 Qf6 27. Nce2 Ng5 28.
Bg2 Qe7 29. Qxa5 Rd3 30. b4 Nf3+ 31. Bxf3 Rxf3 32. b5 Be6 33. Kg2 Ra3 34. Rc1
Qc5 35. Qd2 Kg7 36. bxc6 Rxa4 37. f4 Rxc4 38. Rxc4 Bxc4 39. fxe5 Qxe5 40. Qd4
Qxd4 41. Nxd4 Rd8 42. Nf3 Rd6 43. Ne5 Ba6 44. c7 Rd2+ 45. Kf3 Rc2 46. h4 Rxc7
47. g5 h5 48. Kf4 Rc3 49. Nf3 Rc2 50. Ke3 Rg2 51. Kf4 Bc8 52. Ne1 Rf2+ 53. Ke3
Rh2 54. Nf3 Rh3 55. Kf2 Bg4 56. Kg2 Kf8 0-1

[Event "PRVA LIGA CENTRALNE SRBIJE 2015"]
[Site "Kragujevac"]
[Date "2015.09.11"]
[Round "9.2"]
[White "Vilimonovic, Bozidar"]
[Black "Dumic, Marko"]
[Result "0-1"]
[WhiteElo "2202"]
[BlackElo "2255"]
[PlyCount "20"]
[EventDate "2015.09.05"]

1. e4 e6 2. d4 d5 3. Nc3 Bb4 4. exd5 exd5 5. Qf3 Nc6 6. Be3 Nf6 7. Bd3 Bg4 8.
Qg3 Bd6 9. Qh4 Nb4 10. Kd2 Ne4+ 0-1

[Event "PRVA LIGA CENTRALNE SRBIJE 2015"]
[Site "Kragujevac"]
[Date "2015.09.11"]
[Round "9.3"]
[White "Milanovic, Danilo"]
[Black "Paunovic, Tomislav"]
[Result "1-0"]
[WhiteElo "2462"]
[BlackElo "2342"]
[PlyCount "211"]
[EventDate "2015.09.05"]

1. d4 d5 2. c4 c6 3. Nf3 Nf6 4. Nc3 a6 5. e3 b5 6. b3 Bf5 7. Bd3 g6 8. O-O Bg7
9. Bxf5 gxf5 10. Qd3 Ne4 11. Bd2 O-O 12. Rfc1 e6 13. cxd5 cxd5 14. a4 b4 15.
Ne2 Qd6 16. Ra2 Nc6 17. Rac2 Na5 18. Be1 f6 19. Nh4 Bh6 20. f3 Kh8 21. Rb1 Ng5
22. Bg3 Qd7 23. Rc7 Qe8 24. Rbc1 Rf7 25. R7c5 Nb7 26. Rc6 Ne4 27. Bf4 Bg5 28.
Nxf5 exf5 29. fxe4 fxe4 30. Qc2 Na5 31. Rc5 Qd8 32. Rf1 Rd7 33. h4 Bxh4 34. Bc7
Rxc7 35. Rxc7 Nc4 36. Rxc4 dxc4 37. Qxc4 Bg5 38. Nf4 Rc8 39. Qxb4 Rc2 40. Rf2
Rc1+ 41. Rf1 Rc2 42. Qb7 Qe8 43. Qd5 Rc3 44. Qf5 Qg8 45. Qxe4 Rxb3 46. d5 Qb8
47. Rf3 Rb1+ 48. Kh2 Rb4 49. Qf5 Rxa4 50. Rf1 Rb4 51. Kh1 Rc4 52. Rb1 Qc7 53.
Rd1 Qd6 54. g3 a5 55. Rb1 Rb4 56. Rc1 Rb8 57. Rc6 Qe5 58. Qxe5 fxe5 59. Ne6 h6
60. d6 Rb1+ 61. Kg2 Rd1 62. Kf3 a4 63. Ke4 a3 64. Ra6 a2 65. Rxa2 Rxd6 66. Nxg5
hxg5 67. Ra7 Rf6 68. g4 Rf2 69. Re7 Rf1 70. Rxe5 Kh7 71. Rxg5 Kh6 72. Rf5 Rg1
73. Kf3 Kg6 74. e4 Rf1+ 75. Kg2 Re1 76. Kf3 Rf1+ 77. Ke2 Rg1 78. Rf8 Kg7 79.
Rf4 Kg6 80. Kf2 Ra1 81. Rf5 Ra2+ 82. Ke3 Ra3+ 83. Kf4 Ra1 84. Rg5+ Kf7 85. Rb5
Rf1+ 86. Ke5 Rg1 87. Rb7+ Kg6 88. Rb8 Kf7 89. Kf5 Rf1+ 90. Kg5 Re1 91. Rb7+ Ke6
92. Kg6 Rxe4 93. g5 Rg4 94. Kh5 Rg1 95. g6 Rh1+ 96. Kg5 Rg1+ 97. Kh6 Rh1+ 98.
Kg7 Rg1 99. Rb2 Re1 100. Ra2 Ke7 101. Kg8 Rg1 102. g7 Re1 103. Rh2 Rg1 104. Kh8
Kf7 105. Rf2+ Ke7 106. g8=Q 1-0

[Event "PRVA LIGA CENTRALNE SRBIJE 2015"]
[Site "Kragujevac"]
[Date "2015.09.11"]
[Round "9.3"]
[White "Manic, Jovica"]
[Black "Savic, Miodrag R"]
[Result "0-1"]
[WhiteElo "2265"]
[BlackElo "2503"]
[PlyCount "103"]
[EventDate "2015.09.05"]

1. e4 d5 2. exd5 Qxd5 3. Nf3 c6 4. d4 Qa5+ 5. Nbd2 Nf6 6. Bc4 Bf5 7. O-O e6 8.
c3 Nbd7 9. Nh4 Bg4 10. Be2 Bxe2 11. Qxe2 Be7 12. Nc4 Qa6 13. Re1 O-O 14. Nf3
Rfd8 15. Nce5 Qxe2 16. Rxe2 Nxe5 17. Nxe5 c5 18. Be3 Nd5 19. dxc5 Rac8 20. c6
b6 21. Bd2 f6 22. Nf3 e5 23. g3 Rxc6 24. Be1 Nc7 25. Kf1 Ne6 26. Rd2 Rxd2 27.
Bxd2 h5 28. Be3 g5 29. Rd1 Kf7 30. Ke2 Bd6 31. h3 Ke7 32. Rd5 a6 33. Rd1 b5 34.
Rc1 a5 35. b3 Bc5 36. Bxc5+ Rxc5 37. Nd2 f5 38. c4 Rc8 39. Ra1 Nd4+ 40. Kd3 Rd8
41. Kc3 b4+ 42. Kb2 Nc6 43. Nf1 Rd3 44. Re1 Ke6 45. Re2 f4 46. Rd2 fxg3 47.
fxg3 Rf3 48. Rd1 Nd4 49. c5 Kd5 50. Rc1 Kc6 51. Re1 Rf2+ 52. Kc1 0-1

[Event "PRVA LIGA CENTRALNE SRBIJE 2015"]
[Site "Kragujevac"]
[Date "2015.09.11"]
[Round "9.3"]
[White "Arsovic, Zoran"]
[Black "Todorovic, Bojan"]
[Result "0-1"]
[WhiteElo "2421"]
[BlackElo "2330"]
[PlyCount "98"]
[EventDate "2015.09.05"]

1. Nf3 Nf6 2. c4 g6 3. Nc3 Bg7 4. e4 d6 5. d4 O-O 6. Be2 c5 7. O-O Nc6 8. d5
Na5 9. Bg5 h6 10. Bf4 Bg4 11. b3 a6 12. Qd2 g5 13. Be3 Rb8 14. h4 b5 15. hxg5
hxg5 16. cxb5 axb5 17. Nxg5 b4 18. Na4 Bxe2 19. Qxe2 Qd7 20. e5 dxe5 21. Nxc5
Qf5 22. Na6 Rb7 23. Qd2 Ng4 24. Nc5 Rbb8 25. Nce4 Qg6 26. Qe2 f5 27. Nc5 Nxe3
28. fxe3 Qxg5 29. Ne6 Qh4 30. Nxf8 Rxf8 31. e4 Nb7 32. exf5 Nd6 33. f6 Rxf6 34.
Rad1 e4 35. Qe3 Nf5 36. Qf4 Qxf4 37. Rxf4 Ne3 38. Rxf6 Bxf6 39. Rd2 Nf5 40. g4
Nd6 41. Rc2 Kf7 42. Kf2 Kg6 43. Ke3 Kg5 44. Rc4 Nxc4+ 45. bxc4 Bd4+ 46. Kxd4
Kf4 47. d6 exd6 48. g5 e3 49. Kd3 Kf3 0-1

[Event "PRVA LIGA CENTRALNE SRBIJE 2015"]
[Site "Kragujevac"]
[Date "2015.09.11"]
[Round "9.3"]
[White "Arandjelovic, Aleksandar Z"]
[Black "Kostic, Vladimir G"]
[Result "0-1"]
[WhiteElo "2060"]
[BlackElo "2367"]
[PlyCount "104"]
[EventDate "2015.09.05"]

1. d4 d5 2. c4 c6 3. Nf3 e6 4. Nc3 Nf6 5. Bg5 Nbd7 6. cxd5 exd5 7. e3 Be7 8.
Qc2 O-O 9. Bd3 Re8 10. O-O Nf8 11. h3 Nh5 12. Bxe7 Rxe7 13. b4 Qd6 14. Rab1 a6
15. a4 g6 16. Ne5 Ng7 17. Ne2 a5 18. Qc5 Qd8 19. b5 f6 20. Nf3 Nfe6 21. Qa3 Ne8
22. Rfc1 Rc7 23. bxc6 bxc6 24. Rb6 Bd7 25. e4 Rb8 26. Qb3 Rcc8 27. Rxb8 Rxb8
28. Qa2 N8c7 29. e5 f5 30. Qd2 Rb4 31. Ra1 Qe7 32. g4 fxg4 33. hxg4 Ng7 34. Qf4
Nge6 35. Qh6 Qf8 36. Qe3 c5 37. Bb5 Nxb5 38. axb5 a4 39. Rc1 Bxb5 40. dxc5 Re4
41. Qc3 Bxe2 42. Nh2 Rc4 43. Qb2 Rxc1+ 44. Qxc1 Qxc5 45. Qd2 Bb5 46. g5 Nd4 47.
Kg2 Ne6 48. Ng4 d4 49. Kh2 Qc3 50. Qa2 Qb3 51. Qd2 Qf3 52. Nf6+ Kf7 0-1

[Event "PRVA LIGA CENTRALNE SRBIJE 2015"]
[Site "Kragujevac"]
[Date "2015.09.11"]
[Round "9.3"]
[White "Bozic, Milan"]
[Black "Pejcic, Milutin"]
[Result "1/2-1/2"]
[WhiteElo "2438"]
[BlackElo "2192"]
[PlyCount "130"]
[EventDate "2015.09.05"]

1. c4 Nf6 2. Nc3 d5 3. d4 g6 4. g3 Bg7 5. Bg2 c6 6. Nf3 O-O 7. O-O Ne4 8. Qb3
Qb6 9. cxd5 Qxb3 10. axb3 Nxc3 11. bxc3 cxd5 12. Nd2 e5 13. e3 Be6 14. Bb2 Nc6
15. f4 exd4 16. exd4 Rfd8 17. Nf3 a5 18. Ne5 Nxe5 19. fxe5 Ra6 20. Ba3 a4 21.
Be7 Rd7 22. Bd6 b5 23. Rfb1 Bf8 24. Bxf8 Kxf8 25. Bf1 Rc7 26. Bxb5 Ra5 27. bxa4
Rxc3 28. Rc1 Re3 29. Ra2 Rb3 30. Rd2 Ra7 31. Rc5 Ke7 32. Kf2 Ra3 33. Rdc2 Kd8
34. Rc6 Rb7 35. Ke2 Ra7 36. Rb6 Ke7 37. Rb8 Bd7 38. Rb2 Rc7 39. Kd2 h5 40. Rc2
Ra7 41. Rc5 Ra2+ 42. Rc2 Ra3 43. Kc1 Bxb5 44. axb5 R7a4 45. Rc6 Ra2 46. Rb7+
Kd8 47. Rb8+ Ke7 48. Rb7+ Kd8 49. Rd6+ Kc8 50. Re7 Rxh2 51. Ra6 Rc4+ 52. Kd1
Rc7 53. Rxc7+ Kxc7 54. Rf6 h4 55. Rxf7+ Kb6 56. e6 hxg3 57. e7 g2 58. Rf6+ Kc7
59. Rxg6 Kd7 60. Ke1 g1=Q+ 61. Rxg1 Kxe7 62. Rg5 Kd6 63. Rg6+ Kd7 64. b6 Rh4
65. Kd2 Rxd4+ 1/2-1/2

[Event "PRVA LIGA CENTRALNE SRBIJE 2015"]
[Site "Kragujevac"]
[Date "2015.09.11"]
[Round "9.4"]
[White "Stankovic, Milos"]
[Black "Zajic, Milan"]
[Result "0-1"]
[WhiteElo "2429"]
[BlackElo "2472"]
[PlyCount "74"]
[EventDate "2015.09.05"]

1. e4 c5 2. Nf3 e6 3. d4 cxd4 4. Nxd4 Nc6 5. Nc3 Qc7 6. g3 a6 7. Bg2 Nf6 8. O-O
h5 9. Bg5 Bc5 10. Nb3 Ba7 11. Qe2 Ne5 12. Be3 Bxe3 13. Qxe3 h4 14. Qc5 Qxc5 15.
Nxc5 d6 16. Nd3 Ke7 17. Rfe1 g5 18. f4 Nxd3 19. cxd3 hxg3 20. hxg3 gxf4 21.
gxf4 Rh4 22. e5 Nh5 23. exd6+ Kxd6 24. Ne4+ Ke7 25. f5 Bd7 26. f6+ Nxf6 27.
Nxf6 Kxf6 28. Rf1+ Ke7 29. Bxb7 Rb8 30. Bxa6 Rxb2 31. Rf2 Rb8 32. Raf1 f5 33.
Bc4 Bc6 34. Re2 Rg4+ 35. Kf2 Rf4+ 36. Kg1 Rg8+ 37. Kh2 Rh4# 0-1

[Event "PRVA LIGA CENTRALNE SRBIJE 2015"]
[Site "Kragujevac"]
[Date "2015.09.11"]
[Round "9.4"]
[White "Radovanovic, Nikola"]
[Black "Nestorovic, Dejan"]
[Result "1/2-1/2"]
[WhiteElo "2407"]
[BlackElo "2402"]
[PlyCount "27"]
[EventDate "2015.09.05"]

1. d4 Nf6 2. c4 e6 3. a3 d5 4. Nc3 c5 5. cxd5 Nxd5 6. e4 Nxc3 7. bxc3 Be7 8.
Nf3 O-O 9. Be3 Qa5 10. Bd2 Qc7 11. Bd3 Rd8 12. O-O Nc6 13. Be3 b6 14. Qe2
1/2-1/2

[Event "PRVA LIGA CENTRALNE SRBIJE 2015"]
[Site "Kragujevac"]
[Date "2015.09.11"]
[Round "9.4"]
[White "Djordjevic, Vuk"]
[Black "Milenkovic, Mladen"]
[Result "1-0"]
[WhiteElo "2209"]
[BlackElo "2317"]
[PlyCount "89"]
[EventDate "2015.09.05"]

1. e4 c5 2. Nc3 Nc6 3. g3 g6 4. Bg2 Bg7 5. Nge2 d6 6. O-O Nf6 7. d3 O-O 8. h3
Rb8 9. Be3 Nd7 10. Qd2 Nd4 11. Rab1 Re8 12. b4 Nxe2+ 13. Nxe2 b6 14. b5 a6 15.
a4 axb5 16. axb5 Bb7 17. Bh6 Bh8 18. f4 e6 19. c3 Ra8 20. g4 Qe7 21. Rf2 Bg7
22. f5 Bxh6 23. Qxh6 exf5 24. gxf5 Qf8 25. Qh4 Ne5 26. Rbf1 Re7 27. Nf4 Qd8 28.
d4 cxd4 29. cxd4 Nd7 30. f6 Re8 31. e5 Bxg2 32. Qh6 Nxf6 33. exf6 Qxf6 34. Nh5
Qxd4 35. Nf6+ Qxf6 36. Rxf6 Bxf1 37. Rxf1 Re4 38. Qd2 Ra7 39. Qxd6 Rb7 40. Qd8+
Kg7 41. Qf6+ Kg8 42. Rd1 Re8 43. Rd8 Rxd8 44. Qxd8+ Kg7 45. Qd5 1-0

[Event "PRVA LIGA CENTRALNE SRBIJE 2015"]
[Site "Kragujevac"]
[Date "2015.09.11"]
[Round "9.4"]
[White "Dudukovic, Nikola"]
[Black "Gajic, Mladen"]
[Result "1-0"]
[WhiteElo "2357"]
[BlackElo "2253"]
[PlyCount "99"]
[EventDate "2015.09.05"]

1. d4 Nc6 2. Nf3 d5 3. Bf4 Bf5 4. e3 e6 5. c3 Bd6 6. Nbd2 Nge7 7. Bxd6 cxd6 8.
Nh4 Bg6 9. Nxg6 hxg6 10. g3 Rc8 11. Bg2 b5 12. O-O O-O 13. e4 dxe4 14. Nxe4 b4
15. c4 d5 16. cxd5 Nxd5 17. Qd3 Qb6 18. Rfd1 Rfd8 19. Ng5 Nf6 20. Rac1 Ne7 21.
Rxc8 Rxc8 22. Ne4 Rd8 23. Qc4 Nxe4 24. Bxe4 Nf5 25. d5 Nd6 26. Qc2 Nxe4 27.
Qxe4 Qd6 28. Qe3 a6 29. Rd4 exd5 30. b3 a5 31. Qg5 Rd7 32. Kg2 Qf6 33. Qe3 Qe6
34. Qf4 Qb6 35. h3 Kf8 36. Qh4 f6 37. Qg4 Re7 38. Rxd5 Qb7 39. Qf3 a4 40. bxa4
Rd7 41. Rxd7 Qxd7 42. a5 Qa7 43. Qd5 Ke7 44. h4 Qd7 45. Qe4+ Kd8 46. Qxb4 Qd5+
47. Kg1 Ke8 48. a6 Qd1+ 49. Kh2 Qf1 50. Qb6 1-0

[Event "PRVA LIGA CENTRALNE SRBIJE 2015"]
[Site "Kragujevac"]
[Date "2015.09.11"]
[Round "9.4"]
[White "Cvetanovic, Uros"]
[Black "Organdziev, Oliver"]
[Result "1/2-1/2"]
[WhiteElo "2230"]
[BlackElo "2307"]
[PlyCount "58"]
[EventDate "2015.09.05"]

1. d4 Nf6 2. c4 c5 3. Nf3 e6 4. Nc3 cxd4 5. Nxd4 Bb4 6. Ndb5 O-O 7. a3 Bxc3+ 8.
Nxc3 d5 9. e3 Nc6 10. cxd5 exd5 11. Be2 a6 12. O-O d4 13. exd4 Nxd4 14. Be3
Nxe2+ 15. Qxe2 Bg4 16. f3 Bf5 17. Rad1 Qe7 18. Qf2 Rfd8 19. Bc5 Qe6 20. Rxd8+
Rxd8 21. Re1 Qb3 22. Be7 Re8 23. Bxf6 Rxe1+ 24. Qxe1 gxf6 25. Qd2 Kg7 26. Nd5
Qc4 27. Ne3 Qc5 28. Kf2 Be6 29. Qc3 Qe5 1/2-1/2

[Event "PRVA LIGA CENTRALNE SRBIJE 2015"]
[Site "Kragujevac"]
[Date "2015.09.11"]
[Round "9.5"]
[White "Milosavljevic, Ivan"]
[Black "Ninov, Nikolai"]
[Result "0-1"]
[WhiteElo "2087"]
[BlackElo "2436"]
[PlyCount "52"]
[EventDate "2015.09.05"]

1. e4 c5 2. Nf3 Nc6 3. d4 cxd4 4. Nxd4 Nf6 5. Nc3 g6 6. f3 Bg7 7. Be3 O-O 8.
Qd2 d5 9. Nxc6 bxc6 10. e5 Nd7 11. f4 e6 12. Be2 c5 13. Nxd5 exd5 14. Qxd5 Rb8
15. O-O-O Qb6 16. b3 Qb4 17. Kb1 a5 18. h4 a4 19. h5 axb3 20. axb3 Re8 21. hxg6
hxg6 22. Bc4 Nxe5 23. fxe5 Be6 24. Qf3 Qxc4 25. Bg5 Bf5 26. Rd2 Rxb3+ 0-1

[Event "PRVA LIGA CENTRALNE SRBIJE 2015"]
[Site "Kragujevac"]
[Date "2015.09.11"]
[Round "9.5"]
[White "Ostojic, Nikola"]
[Black "Djukic, Nebojsa"]
[Result "1-0"]
[WhiteElo "2420"]
[BlackElo "2174"]
[PlyCount "71"]
[EventDate "2015.09.05"]

1. d4 e6 2. c4 Nf6 3. Nc3 d5 4. Nf3 Be7 5. Bf4 Nbd7 6. e3 a6 7. c5 Nh5 8. Bd3
c6 9. b4 Nxf4 10. exf4 Qc7 11. g3 O-O 12. O-O b6 13. Qc2 g6 14. Rfc1 bxc5 15.
bxc5 a5 16. Qe2 Re8 17. h4 Nf8 18. Kg2 Bf6 19. Rab1 Bg7 20. h5 f6 21. hxg6 hxg6
22. Re1 e5 23. fxe5 Bg4 24. Qe3 Bxf3+ 25. Qxf3 fxe5 26. dxe5 Rxe5 27. Rxe5 Qxe5
28. Ne2 Rb8 29. Rxb8 Qxb8 30. Nf4 g5 31. Nxd5 Qe5 32. Ne3 Qxc5 33. Bc4+ Kh7 34.
Qh5+ Bh6 35. Qf7+ Bg7 36. Bd3+ 1-0

[Event "PRVA LIGA CENTRALNE SRBIJE 2015"]
[Site "Kragujevac"]
[Date "2015.09.11"]
[Round "9.5"]
[White "Mladenovic, Stefan"]
[Black "Lukovic, Vladimir"]
[Result "0-1"]
[WhiteElo "2326"]
[BlackElo "2438"]
[PlyCount "104"]
[EventDate "2015.09.05"]

1. d4 d5 2. c4 c6 3. Nf3 Nf6 4. e3 g6 5. Nc3 Bg7 6. Be2 O-O 7. O-O a6 8. b3 Ne4
9. Bb2 Nxc3 10. Bxc3 Bg4 11. h3 Bxf3 12. Bxf3 e6 13. Qe2 Re8 14. Rfd1 Nd7 15.
Rac1 Qe7 16. Qb2 Rac8 17. a4 f5 18. Qa2 Nf6 19. b4 g5 20. g3 h5 21. b5 g4 22.
hxg4 hxg4 23. Bg2 axb5 24. axb5 Ne4 25. Be1 Ra8 26. Qe2 Ng5 27. bxc6 bxc6 28.
cxd5 cxd5 29. Rc6 Rec8 30. Rb6 Qf7 31. Bb4 Qh5 32. Be7 Nf3+ 33. Kf1 Rcb8 34.
Rxb8+ Rxb8 35. Bh4 Nxh4 36. gxh4 Qxh4 37. Qa6 Qe7 38. Rc1 Kh7 39. Kg1 Rb2 40.
Rf1 Bh6 41. Qd3 Kg6 42. Qc3 Qb7 43. Qa3 Rb4 44. Rc1 g3 45. Re1 gxf2+ 46. Kxf2
Bg5 47. Kf3 Qb8 48. Qa6 Rb6 49. Qa4 Rb3 50. Kf2 Bh4+ 51. Kf1 Bxe1 52. Qd7 Rxe3
0-1